| 000 | 00927nam a2200205 a 4500 | ||
|---|---|---|---|
| 001 | 45770 | ||
| 005 | 20180714025106.0 | ||
| 008 | 140415s1998 sp 000 0 spa d | ||
| 020 | _a8432132101 | ||
| 041 | _aspa | ||
| 082 |
_a101 _bGIL |
||
| 100 | 1 | _aGILSON, ETIENNE | |
| 245 | 1 | 3 | _aLA UNIDAD DE LA EXPERIENCIA FILOSOFICA |
| 250 | _a4ed. | ||
| 260 |
_aESPAÑA : _bEDICIONES RIALP, _c1998 |
||
| 300 |
_a141 _c13.5 x 1.8 x 19.9 |
||
| 520 | _aLA UNIDAD DE LA EXPERIENCIA FILOSÓFICA DE ÉTIENNE GILSON, ES UNA OBRA MAESTRA. EN SU RECORRIDO POR LA HISTORIA DE LA FILOSOFÍA, EL AUTOR MUESTRA QUE ESTA HISTORIA TIENE SENTIDO FILOSÓFICO. CADA DOCTRINA ES UN EXPERIMENTO QUE NOS HA PERMITIDO ACUMULAR UNA EXPERIENCIA DE NOTABLE UNIDAD. ESTE ES SIN DUDA UNO DE ESOS LIBROS QUE AYUDAN A ENTENDER LA FILOSOFÍA. | ||
| 650 | 1 | 4 |
_aEXPERIENCIA _xFILOSOFIA _xHISTORIA |
| 740 | _aTHE UNITY OF PHILOSOPHICAL EXPERIENCE | ||
| 999 |
_c45770 _d45770 |
||